LEADER 01235nam a2200253 u 4500 001 000000017989 003 CaOOAMICUS 005 20070226110625.0 008 941222s1957 fr b u000 u fre u 035 $a10419446 040 $aPUL$bita 100 1 $aKupper, Jean Robert.$0(OLS)http://pul/name/16109 245 14$aLes nomades en Mésopotamie au temps des rois de Mari. 260 $aParis :$bLes Belles Lettres,$c1957. 300 $axxxii, 282 p. :$bc. geogr. ;$c26 cm 490 1 $aBibliothèque de la Faculté de philosophie et lettres de l'Université de Liège ;$vFasc. 142 651 0$aIraq$xHistory.$2//eng$0(OLS)http://pul/subject/12584 651 0$aMari (Extinct city).$2//eng$0(OLS)http://pul/subject/12585 830 0$aBibliothèque de la Faculté de philosophie et lettres de l'Université de Liège ;$vFasc. 142.$0(OLS)http://pul/title/14130 850 $aPUL 852 $aPUL$W1$xCollocazioni Temporanee$y24$mLd Litt 4828 (142)$j25325$nBK-PRI$b $qStampati$B25325$CPULBib$Z2$F25325 $H $81 941 1 $a8 996 $6245$aLes nomades en Mésopotamie au temps des rois de Mari$9(OLS)http://pul/title/25713 996 $6260$aParis :$bLes Belles Lettres$9(OLS)http://pul/publisher/48357 LEADER 00990nam a2200241 u 4500 001 000000118064 003 CaOOAMICUS 005 20091118113727.0 008 091118s1929 it u000 u ita r 040 $aPUL$bita$dMCT 100 1 $aBruni, Gerardo,$d1896-1975.$0(OLS)http://pul/name/2400 245 13$aLa biblioteca moderna :$bla sua fisionomia, i suoi problemi /$cGerardo Bruni. 260 $aRoma :$bAusonia,$c1929. 300 $a130 p. ;$c22 cm 500 $aInclude indice. 504 $aInclude riferimenti bibliografici. 650 4$aBiblioteche$zItalia$xStoria.$0(OLS)http://pul/subject/10166 650 4$aBiblioteconomia.$0(OLS)http://pul/subject/15883 850 $aPUL 852 $aPUL$W1$xDP1 Cons. Gen., Altre Classi 1$y22$m439 C 23$j135511$qStampati$B134481$CPULBib$Z2$F134481 $82 941 1 $a8 996 $6245$aLa biblioteca moderna :$bla sua fisionomia, i suoi problemi$9(OLS)http://pul/title/148616 996 $6260$aRoma :$bAusonia$9(OLS)http://pul/publisher/50419